000 00703nam a2200253Ia 4500
003 OSt
005 20221005131941.0
006 a|||||r|||| 00| 0
007 ta
008 221004b |||||||| |||| 00| 0 tam d
024 _a46381
037 _cTextual
040 _aCRL
_cCRL
_btam
041 _2tam
_atam
082 _aO31:g(Y15), K8
100 _aHanthiraian Saalai
_9640353
245 0 _aTamizh thandha pengal (Studies in Tamil literature)
260 _c1968
300 _a185
_ccm.
650 _aTAMIL LITERATURE
700 _a Hanthiraian Saalini
_9640354
942 _hO31:g(Y15), K8
_cTEXL
_2cc
999 _c1061928
_d1061928